Digit-Dec : Adobe master collection C55.5, 800mb of short fi (Record no. 139710)

000 -LEADER
fixed length control field 00284nmm a2200097Ia 4500
008 - FIXED-LENGTH DATA ELEMENTS--GENERAL INFORMATION
fixed length control field 220120s9999||||xx |||||||||||||||||und||
020 ## - INTERNATIONAL STANDARD BOOK NUMBER
International Standard Book Number 0-07-052929
100 ## - MAIN ENTRY--PERSONAL NAME
Personal name Digit
245 #0 - TITLE STATEMENT
Title Digit-Dec : Adobe master collection C55.5, 800mb of short fi
260 ## - PUBLICATION, DISTRIBUTION, ETC.
Place of publication, distribution, etc. Nine dot nine interactive ltd.
Holdings
Withdrawn status Lost status Damaged status Not for loan Home library Current library Date acquired Barcode Date last seen Price effective from Koha item type
        Central Library Central Library 01/20/2022 CD1261 01/20/2022 01/20/2022 Compact Disc

Powered by Koha